NPBホームランダービー 優勝者 - Statistics

General Stats
  • This quiz has been taken 83 times
  • The average score is 13 of 27
Answer Stats
年度 本数 解答 決勝対戦相手 % Correct
2016年1戦目 3本 大谷翔平 柳田悠岐
86%
2017年1戦目 4本 柳田悠岐 T.ゲレーロ
85%
2017年2戦目 2本 柳田悠岐 筒香嘉智
85%
2009年2戦目 6本 中村剛也 栗原健太
78%
2011年2戦目 2本 中村剛也 W.バレンティン
78%
2012年3戦目 5本 阿部慎之助 畠山和洋
74%
2015年1戦目 6本 筒香嘉智 柳田悠岐
74%
2018年 8本 筒香嘉智 W.バレンティン
74%
2021年 4本 吉田正尚 山川穂高
74%
2009年1戦目 3本 T.ブランコ 小笠原道大
63%
2013年1戦目 1本 T.ブランコ 中田翔
63%
2013年2戦目 2本 T.ブランコ W.バレンティン
63%
2015年2戦目 1本 山田哲人 中村剛也
62%
2023年 1本 岡本和真 細川成也
60%
2025年 7本 牧秀悟 清宮幸太郎
58%
2024年 8本(5本) 近藤健介 山川穂高
51%
2019年 4本 鈴木誠也 吉田正尚
45%
2008年2戦目 7本 A.ラミレス G.G.佐藤
36%
2014年1戦目 2本 B.エルドレッド W.バレンティン
22%
2022年 5本 B.レアード 柳田悠岐
22%
2016年2戦目 1本 E.メヒア 大谷翔平
19%
2012年2戦目 5本 W.Nペーニャ 中村剛也
18%
2012年1戦目 6本 李大浩 W.バレンティン
16%
2014年2戦目 5本 陽岱鋼 柳田悠岐
11%
2010年1戦目 4本 城島健司 阿部慎之助
10%
2010年2戦目 1本 金泰均 阿部慎之助
8%
2013年3戦目 2本 A.ジョーンズ T.ブランコ
8%
No matching quizzes found
Score Distribution
Percent of People with Each Score
Percentile by Number Answered
Your Score History
You have not taken this quiz